ბათუმის შოთა რუსთაველის სახელმწიფო უნივერსიტეტის ბიბლიოთეკა

Введение в теорию размерности. Введение в теорию топологических пространств и общую пространств и общую теорию размерности (ბიბ.ჩანაწერი № 47946)

000 -LEADER
fixed length control field 00880nam a2200193Ia 4500
001 - CONTROL NUMBER
control field 14823
003 - CONTROL NUMBER IDENTIFIER
control field GE_BSU
008 - FIXED-LENGTH DATA ELEMENTS--GENERAL INFORMATION
fixed length control field 181216s||||||||xx |||||||||||||| ||und||
040 ## - CATALOGING SOURCE
Transcribing agency GE_BSU
080 ## - UNIVERSAL DECIMAL CLASSIFICATION NUMBER
Universal Decimal Classification number 515.1
100 ## - MAIN ENTRY--PERSONAL NAME
Personal name Александров,П.С. Пасынков,Б.А.
245 ## - TITLE STATEMENT
Title Введение в теорию размерности. Введение в теорию топологических пространств и общую пространств и общую теорию размерности
260 ## - PUBLICATION, DISTRIBUTION, ETC.
Place of publication, distribution, etc. Москва
260 ## - PUBLICATION, DISTRIBUTION, ETC.
Name of publisher, distributor, etc. Наука
260 ## - PUBLICATION, DISTRIBUTION, ETC.
Date of publication, distribution, etc. 1973
300 ## - PHYSICAL DESCRIPTION
Extent 575стр.22см.
653 ## - INDEX TERM--UNCONTROLLED
Uncontrolled term Введение в теорию размерности. Введение в теорию топологических пространств и общую пространств и общую теорию размерности
942 ## - ADDED ENTRY ELEMENTS (KOHA)
Koha item type წიგნი
ეგზემპლარები
Withdrawn status Lost status Damaged status Not for loan Date acquired Barcode Date last seen Price effective from Koha item type
        2018-12-17 15500 2018-12-17 2018-12-17 წიგნი
        2018-12-17 17487 2018-12-17 2018-12-17 წიგნი